000 01332nmm a2200337 a 4500
001 ocm0001916528
003 TR-IsHL
005 20201028173140.0
008 180908s2018 tu tur
007 cr cn
020 _a9786059530347
035 _a1916528
_b(N$T)
050 0 4 _aPN1633.I3
_bS519 2018
090 0 4 _aPN1633.I3
_bS519 2018
100 1 _aSmith, Daniel
245 1 0 _aBüyük fikirler el kitabı: Tarihi değiştiren 150 büyük buluş ve kavram
_h[electronic resource] /
_cDaniel Smith ; Çeviren Murat Demirekin
260 _aİstanbul :
_bSalon Yayınları,
_c2018
300 _a320 p.
500 _aKitap adı başında : Tarihi Değiştiren 150 Büyük Buluş ve Kavram
_xÖzgün eser adı : The Little Book of Big Ideas: 150 Concepts and Breakthroughs that Transformed History
_x
650 4 _aMühendislik ve Teknoloji
650 4 _aEngineering and Technology
650 0 _aConcepts
_x History.
650 0 _aKavramlar
_xTarih
650 0 _aIdea (Philosophy)
_x History.
650 0 _aDüşüce (Felsefe)
_x Tarih
650 0 _aTechnology
_x History.
650 0 _aTeknoloji
_xTarih
650 7 _aSCIENCE / Philosophy & Social Aspects
_2bisacsh
700 1 _aDemirekin, Murat
856 4 0 _uhttp://search.ebscohost.com/login.aspx?direct=true&scope=site&db=e011xww&AN=1916528
999 _c17555
_d17555